000
00312nam a22001337a 4500
008
170928b xxu||||| |||| 00| 0 eng d
020
_a
9780312436575
041
_a
eng
080
_2
4TH
_a
37
100
_a
47
101
_a
EDU
245
_a
A COMMONSENSE GUIDE TO GRAMMAR AND USAGE
_c
BEASON,L
942
_2
udc
_c
BK
999
_c
30535
_d
30535